000 00541nam a2200157 a 4500
008 120416s0000 ||||||||||||||||| || u
020 _a071313240x
050 _aTJ 146 Oxl
100 _aOxley, A
245 1 0 _aMechanical engineering science for part 1 of technicians course
250 _a2nd (SI Un
260 _aLondon
_bEdward Arnold
_c1970
300 _a294p. : ill.
350 _a0.00
995 _D0.00
_FCBU-MAIN LIBRARY (Kitwe)
_H1
_I11.50
_M1
_UDAMAGED
_ZMain Library Open Access Collection
999 _c50890
_d50890